书目信息 |
| 题名: |
地震漫话
|
|
| 作者: | 修济刚 编 | |
| 分册: | ||
| 出版信息: | 北京 地震出版社 1987 |
|
| 页数: | 140页 | |
| 开本: | 19cm | |
| 丛书名: | 人类与自然灾害丛书 | |
| 单 册: | ||
| 中图分类: | P315-49 | |
| 科图分类: | ||
| 主题词: | 地震--普及读物 | |
| 电子资源: | ||
| ISBN: | 13180.408 | |
| 000 | 00683oam2 2200253 450 | |
| 001 | 0187009776 | |
| 005 | 20100712222041.0 | |
| 010 | @a13180.408@dCNY0.95 | |
| 091 | @a13180.408 | |
| 100 | @a19900903d1987 em y0chiy0110 ea | |
| 101 | 0 | @achi |
| 102 | @aCN@b110000 | |
| 105 | @af z 000yy | |
| 106 | @ar | |
| 200 | 1 | @a地震漫话@9Di;De Zhen Man Hua @f修济刚编 |
| 210 | @a北京@c地震出版社@d1987 | |
| 215 | @a140页@c图@d19cm | |
| 225 | 2 | @a人类与自然灾害丛书 |
| 461 | 0 | @12001 @a人类与自然灾害丛书 |
| 606 | 0 | @a地震@x普及读物 |
| 690 | @aP315-49@v3 | |
| 701 | 0 | @a修济刚@9xiu ji gang@f(1956.8~)@4编 |
| 801 | 0 | @aCN@bAzMarc@c20130904 |
| 905 | @aBZT@dP315-49@e1@f1@sP315-49/1 | |
| 地震漫话/修济刚编.-北京:地震出版社,1987 |
| 140页:图;19cm.-(人类与自然灾害丛书) |
| ISBN 13180.408:CNY0.95 |
| ● |
| 相关链接 |
|
|
|
正题名:地震漫话
索取号:P315-49/1
 
预约/预借
| 序号 | 登录号 | 条形码 | 馆藏地/架位号 | 状态 | 备注 |
| 1 | 2000089388 | 2000089388 | 旧书回溯/ [索取号:P315-49/1] | 在馆 |